000 00300 a2200145 4500
003 Nust
005 20170207153527.0
040 _cNust
082 _a297
100 _aAhmed, Ishtiaq
245 _ajan Se Qimtti
_cIshtiaq Ahmed
260 _aLahore
_bDaruslam
300 _a32:p
650 _aIslam and Story
942 _2ddc
_cBK
999 _c187843
_d187843